Mechanical behavior of materials : (Record no. 7940)
[ view plain ]
| 000 -LEADER | |
|---|---|
| fixed length control field | 00943nac a22002291u 4500 |
| 010 ## - LIBRARY OF CONGRESS CONTROL NUMBER | |
| LC control number | 2006281523 |
| 020 ## - INTERNATIONAL STANDARD BOOK NUMBER | |
| International Standard Book Number | 0131863126 |
| 082 ## - DEWEY DECIMAL CLASSIFICATION NUMBER | |
| Classification number | 620.1123 |
| Item number | DOW |
| 090 ## - LOCALLY ASSIGNED LC-TYPE CALL NUMBER (OCLC); LOCAL CALL NUMBER (OCLC) | |
| -- | 8842 |
| -- | 8842 |
| 100 ## - MAIN ENTRY--PERSONAL NAME | |
| Personal name | Dowling, Norman E. |
| 245 10 - TITLE STATEMENT | |
| Title | Mechanical behavior of materials : |
| Remainder of title | engineering methods for deformation, fracture, and fatigue / |
| Statement of responsibility, etc | Norman E. Dowling. |
| 250 ## - EDITION STATEMENT | |
| Edition statement | 3rd ed. |
| 260 ## - PUBLICATION, DISTRIBUTION, ETC. (IMPRINT) | |
| Place of publication, distribution, etc | Upper Saddle River, N.J. : |
| Name of publisher, distributor, etc | Pearson/Prentice Hall,2007 |
| Date of publication, distribution, etc | c2007. |
| 300 ## - PHYSICAL DESCRIPTION | |
| Extent | xvii, 912 p. : |
| Other physical details | ill. ; |
| Dimensions | 25 cm. |
| 500 ## - GENERAL NOTE | |
| General note | distributer: Baccah. |
| 504 ## - BIBLIOGRAPHY, ETC. NOTE | |
| Bibliography, etc | Includes bibliographical references (p. 878-890) and index. |
| 511 ## - PARTICIPANT OR PERFORMER NOTE | |
| Participant or performer note | Catalogued By: Mahitab. |
| 650 #0 - SUBJECT ADDED ENTRY--TOPICAL TERM | |
| Topical term or geographic name as entry element | Materials. |
| 650 #0 - SUBJECT ADDED ENTRY--TOPICAL TERM | |
| Topical term or geographic name as entry element | Materials |
| General subdivision | Testing. |
| 856 41 - ELECTRONIC LOCATION AND ACCESS | |
| Materials specified | Table of contents only |
| Uniform Resource Identifier | <a href="http://www.loc.gov/catdir/toc/fy0705/2006281523.html">http://www.loc.gov/catdir/toc/fy0705/2006281523.html</a> |
| 942 ## - ADDED ENTRY ELEMENTS (KOHA) | |
| Item type | Book - Borrowing |
| Call number prefix | 620.1123DOW |
| Withdrawn status | Item status | Source of classification or shelving scheme | Damaged status | Not for loan | Vendor | Home library | Current library | Shelving location | Date acquired | Source of acquisition | Cost, normal purchase price | Total Checkouts | Full call number | Barcode | Date last seen | Cost, replacement price | Koha item type | Date last borrowed | Total Renewals |
|---|---|---|---|---|---|---|---|---|---|---|---|---|---|---|---|---|---|---|---|
| Dewey Decimal Classification | Baccah | Central Library | Central Library | First floor | 08/02/2014 | Purchase | 224.00 | 620.1123 DOW | 000009500 | 15/07/2025 | 280.00 | NB - Book (Non borrowing) | |||||||
| Dewey Decimal Classification | Baccah | Central Library | Central Library | First floor | 08/02/2014 | Purchase | 224.00 | 8 | 620.1123 DOW | 000009504 | 15/07/2025 | 280.00 | Book - Borrowing | 20/08/2015 | |||||
| Dewey Decimal Classification | Baccah | Central Library | Central Library | First floor | 08/02/2014 | Purchase | 224.00 | 7 | 620.1123 DOW | 000009582 | 15/07/2025 | 280.00 | Book - Borrowing | 30/09/2009 | |||||
| Dewey Decimal Classification | Baccah | Central Library | Central Library | First floor | 14/02/2008 | Purchase | 224.00 | 4 | 620.1123 DOW | 000010822 | 15/07/2025 | 280.00 | Book - Borrowing | 04/09/2014 | 17 |